00806nam a2200217 i 450000100060000000300090000600500170001500700030003200800410003510000410007624501140011726000470023130000220027849000340030065000460033483000420038085200210042294200080044399900170045195201200046887749ES-MaACL20251008152457.0t|041223s1976 sp |||| | spa d1 aLacalle, Daniel, d1939-2025915961210aProfesionales en el Estado español b: situaciones objetivas y formas de organización / cDaniel Lacalle. aMadrid : bEdiciones de la Torre, c[1976] a190 p. ; c18 cm.1 aEl libro de bolsillo. Trabajo04aProfesiones liberales-zEspaña.91647390 aEl libro de bolsillo. Trabajo9231798 aES-MaACLjA-6411 2udc c87749d87749 00104070aATENEOMbATENEOMcSPP1d2008-01-17eSCl0oA-6411p1091669r2023-02-23 00:00:00w2023-02-23yMONOGRAFIA